LEADER 02582nam 2200421Ia 450 001 996393711903316 005 20200818231255.0 035 $a(CKB)4940000000115788 035 $a(EEBO)2240892032 035 $a(UnM)99900282e 035 $a(UnM)99900282 035 $a(EXLCZ)994940000000115788 100 $a19980916d1632 uy | 101 0 $aeng 135 $aurbn||||a|bb| 200 14$aThe totall discourse, of the rare aduentures, and painefull peregrinations of long nineteene yeares trauayles from Scotland, to the most famous kingdomes in Europe, Asia, and Affrica$b[electronic resource] $ePerfited by three deare bought voyages, in surueighing of forty eight kingdomes ancient and moderne; twenty one rei-publickes, ten absolute principalities, with two hundred ilands. The particular names whereof, are described in each argument of the ten diuisions of this history: and it also diuided in three bookes; two whereof, neuer heretofore published. Wherein is contayned, an exact relation, of the lawes, religion, policies, and gouernment of all their princes, potentates, and people. Together with the grieuous tortures he suffered, by the inquisition of Malaga in Spaine, his miraculous discouery and deliuery thence: and of his last and late returne from the northerne iles. By William Lithgovv 210 $aImprinted at London $cby Nicholas Okes$d1632 215 $a[16], 507, [5] p. $cill. (woodcut) 300 $aAn edition of: Lithgow, William "A most delectable, and true discourse, of and admired and painefull peregrination in Europe, Asia and Affricke.". 300 $aFrontis. = ill. 300 $aAt foot of title page: Cum Priuilegio. 300 $aRunning title reads: The 19. yeares trauels of William Lithgow, by 3. voyages in Europe, Asia, and Affrica. 300 $aThe last leaf is blank. 300 $aIncludes table of contents. 300 $aReproduction of original in the University of Illinois (Urbana-Champaign Campus). Library. 330 $aeebo-0167 606 $aInquisition$zSpain$vEarly works to 1800 606 $aVoyages and travels$vEarly works to 1800 615 0$aInquisition 615 0$aVoyages and travels 700 $aLithgow$b William$f1582-1645?$01001006 801 0$bCu-RivES 801 1$bCu-RivES 801 2$bWaOLN 906 $aBOOK 912 $a996393711903316 996 $aThe totall discourse, of the rare aduentures, and painefull peregrinations of long nineteene yeares trauayles, from Scotland, to the most famous kingdomes in Europe, Asia, and Affrica$92335019 997 $aUNISA LEADER 01116nas# 22002771i 450 001 UON00014564 005 20231205101948.331 100 $a20020107b1979 |0itac50 ba 101 $aita 102 $aIT 105 $a|||| 1|||| 110 $aaQ||||||||| 200 1 $aAnimazione Sociale$eEsperienze e Prospettive 210 $aNapoli$cSocietā Editrice Napoletana v. ; 21 cm Trimestrale 215 $aDescrizione basata su: 1979 n.29 620 $aIT$dNapoli$3UONL000012 686 $aIT$cItalia - Scambio$2A 686 $aDONO$cPERIODICI - DONO$2A 686 $aPERIODICI NON ATTIVI$cPERIODICI - NON ATTIVI$2A 712 02$aIstituto di Scienze Amministrative e di Promozione Sociale$3UONV010887 801 $aIT$bSOL$c20250808$gRICA 899 $aSIBA - SISTEMA BIBLIOTECARIO DI ATENEO$2UONSI$41979 *29*$cPer Misc 98 GEOGRAFIA 6°PIANO ; 912 $aUON00014564 950 $aSIBA - SISTEMA BIBLIOTECARIO DI ATENEO$bSI 1979 *29*$dSI A Per Misc 98 1979 $eSI SA 25223 7 1979 996 $aAnimazione sociale$9801439 997 $aUNIOR